000 01024cam a22003137a 4500
003 CHAP
005 20220329142449.0
008 010328s1999 mx a r 00010 spa d
010 _a83847
011 _a84819
035 _a95345
040 _cCHAP
090 _aFolleto 15944
100 0 0 _aReuter, Uwe.
_996685
245 1 0 _aBombas rotativas de inyección de émbolos radiales, para motores diesel
_c/por Uwe Reuter [y otros]
260 _aMéxico, D.F. :
_bReverte,
_c1999.
300 _a51 p. :
_bilus. ; gráfs.
590 _aBATCH-UPD
_b10
_c20130110
_lUCH01
_h0526
590 _aBATCH-UPD
_b10
_c20130410
_lUCH01
_h0206
590 _aBATCH-UPD
_b10
_c20130914
_lUCH01
_h0655
590 _aCONVERSION
_b10
_c20130109
_lUCH01
_h1347
650 1 4 _aBombas inyectoras.
_913621
650 1 4 _aIngeniería mecánica
_xInvestigación.
_958264
650 1 4 _aMotores diesel.
_979100
901 _aBK
905 _aMayto Villalobos S.
942 _cFOLL
949 _aFolleto 15944
_bBC
_cFOLL
_d33724002017306
_eTS1
_i95345
_sb
_t$90.10
999 _c83847
_d83847